000 00769nam a2200205Ia 4500
999 _c39896
_d39896
001 6501
003 GE_BSU
005 20191009174603.0
008 181216s1964||||ge |||||||||||||| ||ge ||
040 _cGE_BSU
041 _ageo
080 _a821.353.1-31 ბ-45
100 _aბელიაშვილი, აკაკი
_94491
245 _aშვიდკაცა :
_bრომანი /
_cაკაკი ბელიაშვილი ; რედ. ა. ადამია.
264 _aთბილისი :
_bლიტერატურა და ხელოვნება ;
_c1964.
300 _a260 გვ. ;
_c21სმ.
653 _aრომანი
700 _aადამია, ა.
_eრედაქტორი
_94246
942 _cBK
_2udc